000 00529nam a2200181Ia 4500
003 GCL
008 140319s9999 xx 000 0 ara d
040 _aGCL /
_cGCL
082 0 4 _a811.9
_bف ا
100 1 _aفؤاد حداد
245 1 0 _aايام العجب والموت /
_cفؤاد حداد
260 _aالقاهرة :
_bالمركز المصرى العربى ،
_c1993
300 _a177 ص ؛
_c16 سم
490 _a
650 0 4 _aالشعر العربى
650 0 4 _aدواوين وقصائد
942 _2ddc
_cBK
999 _c55445
_d55445